| 000 -LEADER |
| fixed length control field |
00617nam a22002057a 4500 |
| 008 - FIXED-LENGTH DATA ELEMENTS--GENERAL INFORMATION |
| fixed length control field |
150515b xxu||||| |||| 00| 0 eng d |
| 020 ## - INTERNATIONAL STANDARD BOOK NUMBER |
| International Standard Book Number |
9780077316761 (pbk. : alk. paper) |
| 020 ## - INTERNATIONAL STANDARD BOOK NUMBER |
| International Standard Book Number |
0077316762 (pbk. : alk. paper) |
| 041 0# - LANGUAGE CODE |
| Language code of text/sound track or separate title |
eng |
| 080 ## - UNIVERSAL DECIMAL CLASSIFICATION NUMBER |
| Universal Decimal Classification number |
339 |
| 100 ## - Rafti |
| Rafti |
Frank, Robert H. |
| 245 ## - TITLE STATEMENT |
| Title |
Principles of macroeconomics / |
| 250 ## - |
| -- |
Brief ed., 2nd ed. |
| 260 ## - |
| -- |
New York : |
| -- |
McGraw-Hill Irwin, |
| -- |
c2011. |
| 300 ## - |
| -- |
423 f |
| -- |
me il |
| -- |
28 cm. |
| 490 ## - |
| -- |
The McGraw-Hill series economics |
| 650 #0 - |
| -- |
Makroekonomia |
| 700 1# - |
| -- |
Bernanke, Ben |
| 942 ## - ADDED ENTRY ELEMENTS (KOHA) |
| Source of classification or shelving scheme |
|
| Item type |
Books |